000 00283nam a2200121Ia 4500
008 190216s9999||||xx |||||||||||||| ||und||
100 _aNull
245 0 _aHindi-Samanya Hindi Vyakarana Thatha Ramna
260 _bSahithya Accadamy
300 _a155
650 _aHindi
942 _cBK
999 _c15824
_d15824